| 000 | 01577nam0a22003731 4500 | ||
|---|---|---|---|
| 001 | rc\4185429 | ||
| 005 | 20250611123600.0 | ||
| 021 |
_aRU _b[49-32720] |
||
| 035 | _a(NLR Aleph) 008192907 | ||
| 090 |
_a7987383 _c7987383 |
||
| 100 | _a20130415d1949 |||y0rusy50 ca | ||
| 101 | 0 | _arus | |
| 102 | _aRU | ||
| 105 | _ay j ||||| | ||
| 200 | 1 |
_aХрестоматия по генетике _fСост. М.М. Лебедев, А.И. Палилов, В.С. Федоров, Н.А. Шеломова _gПод ред. проф. Н.В. Турбина |
|
| 210 |
_aМосква _cСов. наука _d1949 _gТип. "Печат. двор" в Л. |
||
| 215 |
_a676 с. _d23 |
||
| 300 | _aНа переплете сост. не указаны | ||
| 320 | _aБиблиогр. в подстроч. примеч. | ||
| 606 |
_aНаследственность (биол.) _2psbo |
||
| 606 |
_aМичуринское учение в биологии _2psbo |
||
| 606 |
_aСелекция _2psbo |
||
| 606 |
_aГенетика _jХрестоматии _2psbo |
||
| 702 | 1 |
_4220 _7ca _8rus _aФёдоров _bВ. С. _cканд. с.-х. наук, генетик _f1903-1976 _gВасилий Сергеевич _9190357 _3RU\NLR\AUTH\770190408 |
|
| 702 | 1 |
_aШеломова _bН.А. _4220 |
|
| 702 | 1 |
_aТурбин _bН.В. _gНиколай Васильевич _4340 |
|
| 702 | 1 |
_aЛебедев _bМ.М. _4220 |
|
| 702 | 1 |
_aПалилов _bА.И. _4220 |
|
| 801 | 0 |
_aRU _bNLR _gpsbo |
|
| 801 | 1 |
_aRU _bELAR _2rusmarc |
|
| 852 |
_aNLR _jБл02 Г-5/72 |
||
| 942 | _cBOOK | ||
| 980 | _aNB | ||